| 000 | 00511nam a2200193Ia 4500 | ||
|---|---|---|---|
| 008 | 160303s9999 xx 000 0 und d | ||
| 020 | _a971-23-1930-X | ||
| 050 | _aFIL BT 340 | ||
| 050 | _b.L54 1998 | ||
| 245 | 4 | _aThe Life our Lord Jesus Christ / | |
| 245 | _caranged, edited and published by Juan M.H. Ledesma. | ||
| 260 | _aMakati City: | ||
| 260 | _bSt. Paul Press. | ||
| 260 | _c1998 | ||
| 300 | _a403 pages : | ||
| 300 | _billustrations ; | ||
| 300 | _c17 cm. | ||
| 650 | _aJesus Christ, Life. | ||
| 999 |
_c291219 _d291219 |
||